000 01639nam2a2200277 4500
001 rc\2940862
005 20110824230313.6
035 _a(NLR Aleph) 007089677
090 _a13599692
_c13599692
100 _a20110824d1935 |||y0rusy50 ca
101 0 _arus
102 _aRU
105 _aa z |||||
200 1 _aСборка, регулировка, пуск и техническое обслуживание чесальных машин
_fИсполнитель инж. В.Е. Смирнов
_gСпец. ред. инж. Г.А. Резвякова
210 _d1935
_eМосква
_g18 тип. Мособлполиграфа
215 _aПер., 222 с., 1 с. объявл., 5 вкл. л. черт.
_cил., черт.
_d23х16 см
300 _aНа переплете загл.: "Методика подготовки подмастера-ремонтировщика чесальных машин"
461 0 _1001rc\2940859
_12001#$aМетодика подготовки подмастера чесальных машин$eУтв. ГУУЗ НКЛП СССР в качестве учеб. пособия для подмастеров чесальных машин. Кн. 1-$fЦентр. науч.-исслед. ин-т труда легкой пром-сти. Цитлегпром$vКн. 3
512 0 0 _aМетодика подготовки подмастера-ремонтировщика чесальных машин
700 1 _aСмирнов
_bВ. Е.
702 1 _aРезвяков
_bГ. А.
_4340
801 0 _aRU
_bNLR
_gpsbo
801 1 _aRU
_bELAR
_2rusmarc
852 _aNLR
_j35-18/162(3)
942 _cBOOK
980 _aNB